Protein nutrition in ruminants
Uloženo v:
| Hlavní autor: | |
|---|---|
| Médium: | Kniha |
| Jazyk: | angličtina |
| Vydáno: |
Londres
Academic Press
1982
|
| Témata: | |
| Tagy: |
Přidat tag
Žádné tagy, Buďte první, kdo vytvoří štítek k tomuto záznamu!
|
MARC
| LEADER | 00000nam a2200000 a 4500 | ||
|---|---|---|---|
| 001 | UCR3676 | ||
| 003 | CL-VaPUC | ||
| 008 | 980130e19820000UK |||||||||||||||||eng|d | ||
| 082 | 0 | 4 | |a 636.2 |b ORS |2 21 |
| 100 | |a Orskov, O. R. |e author |9 402799 | ||
| 245 | 1 | 0 | |a Protein nutrition in ruminants |
| 300 | |a 154 p | ||
| 942 | |c BK | ||
| 945 | |d 19980130 00:00:00 |a jquezada | ||
| 260 | |a Londres |b Academic Press |c 1982 | ||
| 650 | 0 | |a Nutrición animal |9 389503 | |
| 650 | 0 | |a Alimentación animal |9 393779 | |
| 650 | 7 | |a RUMIANTES |2 CL-VaPUC |9 402793 | |
| 650 | 0 | |a Microorganismos |9 264259 | |
| 583 | |a last modification |c 19980130 00:00:00 |k Rodrigo Vera | ||
| 999 | |c 266725 |d 266723 | ||